000 05264nab a2200397 i 4500
003 BR-BrBNA
005 20240913100701.0
008 240913b2020 bl.qr|pooa||| 00| 0 por |
040 _aBR-BrBNA
_bpor
072 _aF60
072 _aF30
072 _aP35
100 _aPinheiro, Suany Maria Gomes Pinheiro
100 _aMambrí, Ana Paula de Souza
100 _aFrescura, Viviane Dal Souto
100 _aFunk, Nadine Lysyk
100 _aKuhn, Andrielle Wouters
100 _aTrapp, Kássia Cauana
100 _aAndriolo, Jerônimo Luiz
100 _aBoligon, Aline Augusti
100 _aSilva, Cristiane de Bona da
100 _aTedesco, Solange Bosio
245 _aComposição fitoquímica, efeito antiproliferativo e genotoxicidade do óleo essencial de alecrim (Rosmarinus officinalis) cultivado sob diferentes períodos de salinidade
500 _aPublicação on-line; 30 ref.; 4 tables; 1 illus.; Summaries (En, Pt)
520 _a RESUMO: Este estudo teve como objetivo, identificar a composição química do óleo essencial de alecrim cultivado em diferentes períodos de salinidade, bem como seu efeito antiproliferativo e genotóxico sobre o material genético de Allium cepa. As plantas foram cultivadas em abrigo de polietileno no departamento de Fitotecnia da Universidade Federal de Santa Maria, sob diferentes períodos de salinidade. Na testemunha (T1) foi utilizada condutividade elétrica de 1,0 dS/m e nos demais quatro tratamentos a condutividade elétrica da solução nutritiva foi de 5,0 dS/m. Em T2 as plantas ficaram submetidas à solução salina por um período de 50 dias, em T3 por um período de 40 dias, em T4 e em T5 por períodos de 30 e 20 dias, respectivamente. Todas as plantas foram coletadas no dia 12 de dezembro de 2014, 190 dias após o plantio (DAP). Foi realizada extração de óleo das folhas por hidrodestilação em Clevenger e posteriormente realizada cromatografia gasosa. Os óleos essenciais foram avaliados quanto ao efeito antiproliferativo e genotóxico em células de A. cepa na concentração de 0,20%. Foram utilizados quatro bulbos de A. cepa, por tratamento. As preparações das lâminas foram feitas pela técnica de esmagamento e coradas com orceína acética 2%. Os dados foram submetidos ao teste de Sott-Knott (p<0,05). Os compostos majoritários do óleo essencial foram, cânfora,1,8 cineol, verbenona, α-pineno e β-mirceno. E este óleo por sua vez, não se mostrou genotóxico e nem apresentou efeito antiproliferativo significativo, com exceção daquele obtido a partir das plantas que permaneceram por um maior período sob condições de salinidade, que inibiram a divisão celular, podendo assim aumentar interesse para a produção de fármacos. Palavras-chave: Allium cepa; índice mitótico; alterações cromossômicas.
520 _a ABSTRACT: Phytochemical composition, antiproliferative effect and genotoxicity of rosemary (Rosmarinus officinalis) essential oil cultivated under different salinity periods. This study aimed to identify the chemical composition of essential oil of rosemary grown in different periods of salinity and its antiproliferative and genotoxic effect on the genetic material of Allium cepa. Plants were grown in polyethylene under the Department of Plant Science the Federal University of Santa Maria, in different periods of salinity. In the control (T1) was used an electric conductivity of 1.0 dS/m and the other four treatments the electrical conductivity of the nutrient solution was 5.0 dS/m. T2 plants were submitted to the salt solution for a period of 50 days, at T3 for a period of 40 days, in T4 and T5 for periods of 30 and 20 days, respectively. All plants were collected on December 12, 2014, 190 days after planting (DAP). The Extraction of oil from the leaf by hydrodistillation in Clevenger was performed and then performed gas chromatography. The essential oils were evaluated for antiproliferative and genotoxic effects at A. cepa cells at a concentration of 0.20%. Was used four A. cepa. bulbs per treatment. The preparations the blades were made by of the crushing technique and stained with 2% acetic orcein. The data were submitted to the test Sott-Knott (p <0.05). The majority compounds of the essential oil were camphor, 1.8 cineol, verbenone, α-pinene, and β-myrcene. This oil in turn was not genotoxic and not showed significant antiproliferative effect, except than that was obtained from the plants have remained for a longer period under saline conditions which inhibit cell division, and may thereby increase interest for the production of pharmaceuticals. Key words: Allium cepa; mitotic index; chromosomal alterations
650 _aALLIUM CEPA
650 _aCROMOSSOMA
650 _aCOMPOSIÇÃO QUÍMICA
650 _aTOXIDEZ
650 _aSALINIDADE
773 0 _03543
_9318027
_dBotucatu-SP Instituto de Biociências - Departamento de Química e Bioquímica 1998
_o2024-4761
_tRevista Brasileira de Plantas Medicinais (Brazil)
_x1516-0572
_gv. 22(1) p. 17-24; (2020)
_wBR2024002576
856 _uhttp://www.sbpmed.org.br/admin/files/papers/file_4PNzfLnqeG57.pdf
942 _cANA
999 _c301219
_d301219